| 000 | 01342cam a22003614a 4500 | ||
|---|---|---|---|
| 001 | 15656310 | ||
| 003 | Nust- CAS-E | ||
| 005 | 20180118181359.0 | ||
| 008 | 090310s2009 enka b 001 0 eng | ||
| 010 | _a 2009010092 | ||
| 015 |
_aGBA950072 _2bnb |
||
| 016 | 7 |
_a015261847 _2Uk |
|
| 020 | _a9781844076819 | ||
| 020 | _a1844076814 | ||
| 035 | _a(OCoLC)ocn316233029 | ||
| 040 |
_aDNAL/DLC _cDLC _dBTCTA _dUKM _dYDXCP _dBWKUK _dBWK _dBWX _dPUL _dDLC |
||
| 042 | _apcc | ||
| 050 | 0 | 0 |
_aHD9502.5.B542 _bG53 2009 |
| 070 | 0 |
_aHD9502.5.B542 _bG53 2009 |
|
| 082 | 0 | 0 |
_a333.95/39 _222 _bGIA 2009 |
| 100 | 1 |
_aGiampietro, M. _q(Mario) |
|
| 245 | 1 | 4 |
_aThe biofuel delusion : _bthe fallacy of large-scale agro-biofuel production / _cMario Giampietro and Kozo Mayumi. |
| 246 | 3 | 0 | _aFallacy of large scale agro-biofuels production |
| 260 |
_aLondon ; _aSterling, VA : _bEarthscan, _c2009. |
||
| 300 |
_axviii, 318 p. : _bill. ; _c24 cm. |
||
| 504 | _aIncludes bibliographical references and index. | ||
| 650 | 0 |
_aBiomass energy _xEconomic aspects. |
|
| 650 | 0 |
_aBiomass energy _xSocial aspects. |
|
| 700 | 1 |
_aMayumi, Kozo, _d1954- |
|
| 906 |
_a7 _bcbc _corignew _d1 _eecip _f20 _gy-gencatlg |
||
| 942 |
_2ddc _cBK |
||
| 999 |
_c355368 _d355368 |
||